00446nam a22001697a 45000010011000000030009000110050017000200070011000370080046000480200015000940200016001090400022001251000016001472450035001632600048001983000030002460205684020DO-SdBNP20180220111406.00205684020161206b 1976 sp a ||||| |||| 00| 0 spa d a039515023X a0395159938  aBPMSUbspacBPMSU1 aRey, H. A.10aCurious George /cby H.A. Rey. aBoston, Mass. : bHoughton Mifflin, c1976. a56 p. : bil. ; c25 cm.